Repercusión de la Revolución Socialista de Octubre y desarrollo del movimiento obrero y comunista en América Latina

保存先:
書誌詳細
第一著者: Guerra Vilaboy, Sergio
フォーマット: テキスト
出版事項: s.n.t. :
タグ: タグ追加
タグなし, このレコードへの初めてのタグを付けませんか!

MARC

LEADER 00000 a a2200000 04500
001 15750
003
040
090 |a 014100  
100 |a Guerra Vilaboy, Sergio  
245 |a Repercusión de la Revolución Socialista de Octubre y desarrollo del movimiento obrero y comunista en América Latina  
260 |a s.n.t. :  
300 |a 84 p.  
999 |c 11406  |d 11406